000 01254nam a2200205Ia 4500
003 Ost
005 20260507075556.0
008 260507s9999||||xx |||||||||||||| ||und||
040 _cfsecg
041 _aara
082 _a330
100 _aملوخية، احمد فوزي
_eمؤلف
245 0 _aأسس دراسات الجدوى للمشروعات الاقتصادية /
_c احمد فوزي ملوخية
260 _aالاسكندرية:
_bمكتبة بستان المعرفة,
_c2003
300 _a312 صفحة؛
_bإيضاحات ؛
_c24 سم
520 _aمراحل دراسة جدوى المشروع الاستثماري و دراسة الجدوى المبدئية اضافة الى دراسة الجدوى التسويقية و كذا الدراسة الفنية و الهندسيةو الدراسة المالية و الاقتصادية و كذا بعض الدراسات التطبيقية للمشروعات الصغيرة و كذا مرحلة التخطيط لانشاء و تجهيز مشروع صغير و في الاخير كيفية التغلب على بعض المعوقات التي تواجه المشروعات الصغيرة.
653 _aدراسة الجدوى
653 _aمشروع اقتصادي
942 _cكتاب
999 _c44965
_d44965